000 00802nam a2200193Ia 4500
999 _c37463
_d37463
001 3424
003 GE_BSU
005 20190614134100.0
008 181216s1975||||ge |||||||||||||| ||geo||
040 _cGE_BSU
041 _ageo
080 _a634(075.8) ბ–51
100 _aბერაია, იასონ
_92487
245 _aსუბტროპიკული მემცენარეობა :
_bსახელმძღვ. სუბტროპიკული მეურნეობის ინ-ტის სტუდენტებისათვის.
264 _aთბილისი :
_bგანათლება,
_c1975.
300 _a449 გვ. ;
_b22 სმ.
653 _aსუბტროპიკული მემცენარეობა
942 _cBK
_2udc